000 01136cam a2200313 a 4500
999 _c534367
_d534367
001 2902219
003 NUST
005 20200218105137.0
008 870807s1987 enk 000 0 eng
010 _a 87163547
020 _a0900588276 :
_c£8.95
038 _aMSOHAIL
040 _aDLC
_cDLC
_dDLC
041 1 _aeng
_hfre
050 0 0 _aBL51
_b.S46553 1987
082 0 0 _a291.2
_bSCH
100 1 _aSchuon, Frithjof,
_d1907-1998.
_96063
240 1 0 _aPerspectives spirituelles et faits humains.
_lEnglish
245 1 0 _aSpiritual perspectives and human facts /
_cby Frithjof Schuon ; a new translation by P.N. Townsend.
260 _aBedfont, Middlesex :
_bPerennial,
_c1987.
300 _a223 p. ;
_c22 cm.
500 _aTranslation of: Perspectives spirituelles et faits humains.
500 _aCover title: Spiritual perspectives & human facts.
650 0 _aKnowledge, Theory of (Religion)
_96064
740 0 _aSpiritual perspectives & human facts.
906 _a7
_bcbc
_corignew
_d3
_encip
_f19
_gy-gencatlg
942 _2ddc
_cBK